| 000 | 01067nam a2200289Ia 4500 | ||
|---|---|---|---|
| 005 | 20220317000354.0 | ||
| 008 | 141031s2013 s a 0 gpa d s | ||
| 020 | _a9788434232761 | ||
| 082 | 0 | 4 |
_a372.86 _bE52e |
| 100 | 1 | _aEnfedaque Montes, Helena | |
| 245 | 1 | 0 |
_aEjercicios de educación física _ctextos Elena Enfedaque Montes ; ilustraciones Gustavo Fabio Regalado Navarro, editor Jesús Araújo |
| 250 | _aCuarta edición | ||
| 300 |
_a192 páginas _bilustraciones a color _c28 cm |
||
| 650 | 1 | 4 |
_2LEMB _aEducación física _xEnseñanza elemental |
| 650 | 1 | 4 |
_2LEMB _aEducación física para niños |
| 650 | 1 | 4 |
_2LEMB _aJuegos educativos |
| 650 | 1 | 4 |
_2LEMB _aAptitud motora en niños |
| 650 | 1 | 4 |
_2LEMB _aEducación psicomotriz |
| 700 | 1 |
_aAraújo, Jesús _eeditor _999626 |
|
| 700 | 1 |
_aRegalado Navarro, Gustavo Fabio _eilustrador _999627 |
|
| 942 |
_2ddc _cBK |
||
| 264 |
_aBadalona _bParramón _c2013 |
||
| 336 |
_atexto _btxt _2rdacontent |
||
| 337 |
_asin mediación _bn _2rdamedia |
||
| 338 |
_avolumen _bnc _2rdacarrier |
||
| 040 |
_aCO-BoRNBP _bspa _erda _cCO-BoRNBP |
||
| 999 |
_c3861 _d3861 |
||